00302nam a2200109 a 450000500170000000800410001705000250005810000170008324500520010050000190015265000210017120140414093838.0030923s19uu xx 00 eng d aVCD 791.43bPea 2001 aAffleck, Ben aPearl Harbor /cBen Affleck, Jerry Bruckheimer. a(disc 1, 2. 3) aMotion pictures.